| Поле | Название | Значение |
| |
Тип записи |
a |
| |
Библиографический уровень |
c |
| 001 |
Контрольный номер |
RSL-KNO-0136956 |
| 005 |
Дата корректировки |
20201206204738.5 |
| 010 |
Индекс ISBN |
__ |
| a |
ISBN |
5-224-00716-X |
| d |
Цена |
120-00 |
| 100 |
Данные общей обработки |
__ |
| a |
Данные общей обработки |
19010220d2000 |||y0rusy0189 ca |
| 101 |
Язык документа |
__ |
| a |
Язык текста |
rus |
| c |
Язык оригинала |
rus |
| 102 |
Страна публикации |
__ |
| a |
Страна публикации |
RU |
| 105 |
Кодированные данные (монография) |
__ |
| a |
Кодированные данные (монография) |
zy |
| 200 |
Заглавие и сведения об ответственности |
__ |
| a |
Заглавие |
История: на заре человечества |
| f |
Первые сведения об ответственности |
[авт.-сост. Петр Кошель] |
| b |
Общее обозначение материала |
Текст |
| 210 |
Выходные данные |
__ |
| a |
Место издания |
М. |
| c |
Издательство |
ОЛМА-ПРЕСС |
| d |
Дата издания |
2000 |
| 215 |
Физическое описание |
__ |
| a |
Объем |
350, [1] с., [16] л. цв. ил. |
| c |
Иллюстрации/тип воспроизводства |
ил., карт., табл. |
| 225 |
Серия |
__ |
| a |
Серия |
Популярная школьная энциклопедия |
| 320 |
Библиография |
__ |
| a |
Библиография |
Библиогр.: с. 349 |
| 327 |
Примечание о содержании |
__ |
| a |
Примечание о содержании |
Приключения доисторического мальчика / Д.Эрвильи |
| 327 |
Примечание о содержании |
__ |
| a |
Примечание о содержании |
Борьба за огонь / Ж. Рони-старший |
| 330 |
Аннотация |
__ |
| a |
Аннотация |
От рождения Земли и появления жизни на ней до истоков человеческой цивилизации рассказывает эта книга. Богато иллюстрированная, она поможет школьникам при подготовке докладов и рефератов. Включены две самые интересные повести о жизни первобытного общества. |
| 606 |
Тематические рубрики |
__ |
| a |
Основная рубрика |
История |
| 606 |
Тематические рубрики |
__ |
| a |
Основная рубрика |
Всемирная история |
| 606 |
Тематические рубрики |
__ |
| a |
Основная рубрика |
Первобытное общество |
| 606 |
Тематические рубрики |
__ |
| a |
Основная рубрика |
Художественная литература |
| 606 |
Тематические рубрики |
__ |
| a |
Основная рубрика |
Литература Европы (произведения) |
| 610 |
Ключевые слова |
__ |
| a |
Ключевые слова |
история Земли; происхождение жизни; происхождение человека; история цивилизации; доисторическая жизнь; доисторический период; доисторические повести; детская литература; французская литература |
| 686 |
Индексы других классификаций |
__ |
| a |
Классификационный индекс |
ст63.3(0)2 |
| 686 |
Индексы других классификаций |
__ |
| a |
Классификационный индекс |
ст84(4Фра)-4 |
| 702 |
Вторичная интеллектуальная ответственность |
_1 |
| a |
Фамилия |
Кошель |
| b |
Имя |
П. А. |
| 4 |
Код отношения |
Автор |
| g |
Полное личное имя |
Петр Агеевич |
| 702 |
Вторичная интеллектуальная ответственность |
_1 |
| a |
Фамилия |
Эрвильи |
| b |
Имя |
Д. |
| 4 |
Код отношения |
Автор |
| 702 |
Вторичная интеллектуальная ответственность |
_1 |
| a |
Фамилия |
Рони-старший |
| b |
Имя |
Ж. |
| 4 |
Код отношения |
Автор |
| 801 |
Источник записи |
_0 |
| a |
Страна |
RU |
| b |
Организация |
Муниципальное бюджетное учреждение культуры "Централизованная библиотечная система" г. Сургут (Центральная городская библиотека им. А. С. Пушкина) |
| c |
Дата составления |
20010220 |
| 801 |
Источник записи |
_1 |
| a |
Страна |
RU |
| b |
Организация |
Муниципальное бюджетное учреждение культуры "Централизованная библиотечная система" г. Сургут (Центральная городская библиотека им. А. С. Пушкина) |
| c |
Дата составления |
20010220 |
| 852 |
Данные о местонахождении |
__ |
| j |
Шифр хранения |
ст63.3(0)2 |
| c |
Каталожный индекс |
ст63.3(0)2; ст84(4Фра)-4 |
| i |
Авторский знак |
И 90 |
| 901 |
Тип документа |
__ |
| t |
Тип документа |
x |
| 903 |
Характеристики (МАРС) |
__ |
| a |
Дата передачи |
20100909 |
| 969 |
Тип издания |
__ |
| a |
Тип издания |
сборник |
| 990 |
Данные о заказе (DOS) |
__ |
| j |
Количество экземпляров (DOS) |
1 |
| t |
N записи в КСУ для И/У (DOS) |
201009 |